000 00904nam a22001935i 4500
001 164041
003 ES-MaACL
005 20230906212848.0
008 050818s1889 sp | |||||||| ||spa d
040 _aCAM
_bspa
_cCAM
100 1 _aRovira y Oliver, Rosalino.
_9100160
245 1 0 _aDel sarampión con recaídas
_b: comunicación leída y discutida en el Congreso Internacional de Medicina celebrado en Barcelona en septiembre de 1888 /
_cpor Rosalino Rovira y Oliver.
260 _aBarcelona :
_b[s.n.],
_c1889 (
_fImprenta de Pedro Ortega)
300 _a22 p. ;
_c21 cm.
530 _aDisponible también en sitio web.
650 4 _aSarampión.
_9136855
852 _aES-MaACL
_jT-561-F-6
_z-- Enc. hol., conservando la enc. original
_z-- Enc. en un vol. facticio
856 _uhttp://bibliotecadigitalhispanica.bne.es:80/webclient/DeliveryManager?pid=1833959&custom_att_2=simple_
_zIr a la página
999 _c164041
_d164041